Théo grimace (Record no. 282)

MARC details
000 -LEADER
Leader 00610npm a2200157 4500
003 - IDENTIFIANT DE NUMÉRO DE CONTRÔLE
champ de contrôle OSt
005 - DATE ET HEURE DE LA DERNIÈRE TRANSACTION
champ de contrôle 20260129173742.0
008 - Éléments de longueur fixe - Renseignements généraux
Leader 260129b |||||||| |||| 00| 0 fre d
040 ## - SOURCE DE CATALOGAGE
Agence transcriptrice autismepaimpol.fr
100 ## - Auteur - Autrice
Auteur Fanny Salvi et Damien Raymond
245 ## - Titre
Titre Théo grimace
246 ## - Pour qui ? Pour quoi ?
Pour quoi ? Pour qui ? S'adresse à des enfants avec un retard de langage ou une dyslalie (et généralement à tous ceux qui ont du mal à réaliser des praxies !)
260 ## - Publication, diffusion, etc. (marque d'éditeur)
Nom de l'éditeur, du diffuseur, etc. Orthoédition
942 ## - Type d'objet
Type d'objet Matériel pédagogique
520 ## - Abrégé
Abrégé Ce jeu permet d'aborder les praxies sous formes ludiques (loto, jeu de l'oie, pouilleux, mémory) et avec un support imagé.
999 ## -
-- 282
-- 282
Holdings
Statut retiré des collections Statut perdu Source de classification / plan de classement Statut endommagé Exclu du prêt Site de rattachement Site actuel Date d'acquisition Total des prêts Code à barres Vu en dernier Prix effectif de Type de document Koha
    Classification décimale de Dewey     Autisme Paimpol - Matériel Autisme Paimpol - Matériel 29/01/2026   225 29/01/2026 29/01/2026 Matériel pédagogique

Powered by Koha